000
00278nam a2200121Ia 4500
008
190216s9999||||xx |||||||||||||| ||und||
100
_a
Joseph Conrad
245
0
_a
Lord Jim
260
_b
Macmillan
_c
1977
300
_a
94p
650
_a
English Novel-English Novel
942
_c
BK
999
_c
12625
_d
12625